Statistics for Jekyll and Hyde Musical - Dangerous Game - Missing Lyrics

Click here to take the quiz!

General Stats

  • This quiz has been taken 15 times
  • The average score is 46 of 53

Answer Stats

Mr Hyde Lucy Missing Lyric % Correct
I feel your _______Fingers
100%
At the moment your eyes ____ mineMeet
100%
Brushing my ________Shoulder
100%
It's a dangerous ____Game
100%
And my ______ proclaimSenses
100%
It's a ___ with no nameSin
100%
I am out of _______Control
100%
The frightened ________Princess
100%
I am out of my ____Mind
100%
At the sound of your _____Voice
100%
At the touch of your ____Hand
100%
Forbidden _________Pleasures
100%
As it tingles my _____Spine
100%
Your tempting _____Touch
100%
Doesn't know what to __Do
100%
It's a dangerous ____Game
90%
It's a crime and a _____Shame
90%
No one _____, not one wordNo one _____, not one wordSpeaks
90%
And though no one's to _____Blame
90%
_______ speaksSilence
90%
And I'm counting the ____Cost
90%
All I know is I'm ____Lost
90%
Does she just ___ away?Run
90%
Out of a mystery ____Tale
90%
A darker _____Dream
90%
As they invade my ____Soul
90%
I'm ______ to make mineAfraid
90%
Full of feelings I can't ______Define
90%
Watching your ____Eyes
90%
That has no ______Ending
90%
---------------- we want to ____All the words we want to ____Hear
80%
And though no one's to _____Blame
80%
It's a ___ with no nameSin
80%
Full of feelings I can't ______Full of feelings I can't ______Define
80%
I am out of _______I am out of _______Control
80%
I am out of my ____I am out of my ____Mind
80%
At the moment your eyes ____ mineAt the moment your eyes ____ mineMeet
80%
At the sound of your _____At the sound of your _____Voice
80%
Either way there's no way to ___Win
80%
At the touch of your ____At the touch of your ____Hand
80%
Loud and _____Clear
80%
All the _____ are in our eyesAll the _____ are in our eyesWords
80%
That you want to be ____True
80%
Something ______Unreal
80%
But it's true all the ____Same
80%
My ________ are in a spinEmotions
80%
A strange _______Romance
70%
Does she ____ it and stay?Risk
70%
Like a tiger to ____Tame
70%
Like a tiger to ____Tame
70%
It's a crime and a _____Shame
70%
And the ______ proclaimAnd the ______ proclaimAngels
70%
It's a dangerous ____It's a dangerous ____Game
70%

Score Distribution

Percentile by Number Answered

Percent of People with Each Score

Your Score History

You have not taken this quiz